000 00869nam a2200265 a 4500
001 000015407
003 DO-SdBNP
005 20240412074243.0
008 100208s2002 dr 001 j spa d
020 _z9898622266
040 _aDO-SdBNP
_bspa
_cBNPHU
082 4 _aRD863.44
_bV145p 2002
_222
100 1 _aValdez, Pedro Antonio,
_d1968-
_922509
245 1 0 _aPapeles de Astarot :
_bcuentos cortos /
_cPedro Antonio Valdez.
250 _a2a. ed.
260 _aQuito :
_bIsla Negra:
_bCasa de la Cultura Ecuatoriana " Benjamín Carrión ",
_c2002.
300 _a105 p. ;
_c22 cm.
490 1 _aJuntapalabras internacional
590 _aInventariado, 2019/VM
650 0 _aCuentos dominicanos
_9176
650 0 _aLiteratura dominicana.
_967
830 0 _aJuntapalabras internacional
_934795
910 _aValidado. Control de calidad MMOLINA
942 _2ddc
_cLBS1
999 _c14966
_d14966